=LDR 00000nam 2200000 4500 =001 INLIS000000000018950 =005 20230113071959 =035 ##$$a 0010-061300000018950 =008 230113################g##########0#ind## =041 ##$$a Ind =082 ##$$a 351 =090 ##$$a 350, Sya i =100 #$$a Inu Kencana Syafiie =245 1#$$a Ilmu Administrasi Publik /$c Inu Kencana Syafiie =260 ##$$a Jakarta :$b Rineka Cipta,$c 1999 =300 ##$$a ix, 262 hlm : $b ilus ; $c 21x14 cm =650 #4$$a Administrasi Publik =850 ##$$a NBPNMAT =020 ##$$a 979-518-738-4 =084 ##$$a 351 INU i =250 ##$$a cet.1 =990 ##$$a 30701300 =990 ##$$a 10606385 =990 ##$$a 20610885 =990 ##$$a 20610887 =990 ##$$a 155.024/pro-2000 =990 ##$$a 3202202813 =990 ##$$a 3202202813 =990 ##$$a 30701300 =990 ##$$a 10606385 =990 ##$$a 20610885 =990 ##$$a 20610887 =990 ##$$a 155.024/pro-2000